| 000 | 00702nam a22002297a 4500 | ||
|---|---|---|---|
| 999 |
_c8290 _d8290 |
||
| 001 | 21810 | ||
| 003 | BD-DhUAP | ||
| 005 | 20230521114926.0 | ||
| 008 | 230521b20122018bg |||| |||| 001 0beng d | ||
| 020 | _a9789845061032 | ||
| 040 |
_aDLC _beng _cBD-DhUAP _dBD-DhUAP |
||
| 082 |
_220 _a746.4095492 ZAM |
||
| 100 | _aZaman, Niaz. | ||
| 245 |
_aThe art of kantha embroidery / _bNiaz Zaman. |
||
| 250 | _a2nd rev. ed. | ||
| 260 |
_aDhaka : _bUniversity Press, _c2012. |
||
| 300 |
_aviii, 176 p. : _bill. (some col.), map ; _c25 cm. |
||
| 504 | _aIncludes bibliographical references (p. [161]-164) and index. | ||
| 650 |
_aEthnic embroidery _zBangladesh. |
||
| 650 |
_aQuilts _zBangladesh. |
||
| 942 |
_2ddc _cBK |
||